Statistics for WORLD CUP GOLDEN BOOT WINNERS

Click here to take the quiz!

General Stats

  • This quiz has been taken 60 times
  • The average score is 12 of 28

Answer Stats

YearHost NationNation of PlayerPlayer% Correct
2018RussiaEnglandHarry Kane
100%
2022QatarFranceKylian Mbappe
98%
1970MexicoGermanyGerd Muller
96%
2010South AfricaGermanyThomas Muller
96%
2014BrazilColombiaJames Rodríguez
93%
2002South Korea and JapanBrazilRonaldo
93%
1998FranceCroatiaDavor Suker
67%
1966EnglandPortugalEusebio
67%
1986MexicoEnglandGary Lineker
67%
=BulgariaHristo Stoichkov
65%
1982SpainItalyPaolo Rossi
56%
=BrazilGarrincha
46%
1958SwedenFranceJust Fontaine
35%
1990ItalyItalySalvatore Schillaci
31%
1974West GermanyPolandGrzegorz Lato
30%
1954SwitzerlandHungarySandor Kocsis
22%
=BrazilVava
22%
1930UruguayArgentinaGuillermo Stabile
15%
1978ArgentinaArgentinaMario Kempes
15%
1938FranceBrazilLeonidas
13%
1950BrazilBrazilAdemir
9%
1994USARussiaOleg Salenko
9%
=ChileLeonel Sanchez
6%
1934ItalyCzech RepublicOldrich Nejedly
6%
=YugoslaviaDrazan Jerkovic
4%
1962ChileHungaryFlorian Albert
4%
=Soviet UnionValentin Ivanov
4%
2006GermanyGermanyMirislav Klose
0%

Score Distribution

Percentile by Number Answered

Percent of People with Each Score

Your Score History

You have not taken this quiz